<?xml version="1.0" encoding="UTF-8"?>
<record
    xmlns:xsi="http://www.w3.org/2001/XMLSchema-instance"
    xsi:schemaLocation="http://www.loc.gov/MARC21/slim http://www.loc.gov/standards/marcxml/schema/MARC21slim.xsd"
    xmlns="http://www.loc.gov/MARC21/slim">

  <leader>00626nam a2200193Ia 4500</leader>
  <controlfield tag="001">5245</controlfield>
  <controlfield tag="003">GE_BSU</controlfield>
  <controlfield tag="008">181216s||||||||xx |||||||||||||| ||und||</controlfield>
  <datafield tag="040" ind1=" " ind2=" ">
    <subfield code="c">GE_BSU</subfield>
  </datafield>
  <datafield tag="080" ind1=" " ind2=" ">
    <subfield code="a">514.116</subfield>
  </datafield>
  <datafield tag="100" ind1=" " ind2=" ">
    <subfield code="a">&#x410;&#x43D;&#x434;&#x440;&#x43E;&#x43D;&#x43E;&#x432;, &#x418;. &#x41A;.  &#x41E;&#x43A;&#x443;&#x43D;&#x435;&#x432;, &#x410;. &#x41A;.</subfield>
  </datafield>
  <datafield tag="245" ind1=" " ind2=" ">
    <subfield code="a">&#x41E;&#x441;&#x43D;&#x43E;&#x432;&#x43D;&#x43E;&#x439; &#x43A;&#x443;&#x440;&#x441; &#x442;&#x440;&#x438;&#x433;&#x43E;&#x43D;&#x43E;&#x43C;&#x435;&#x442;&#x440;&#x438;&#x438;, &#x440;&#x430;&#x437;&#x432;&#x438;&#x432;&#x430;&#x435;&#x43C;&#x44B;&#x439; &#x43D;&#x430; &#x446;&#x435;&#x43B;&#x435;&#x441;&#x43E;&#x43E;&#x431;&#x440;&#x430;&#x437;&#x43D;&#x44B;&#x445; &#x437;&#x430;&#x434;&#x430;&#x447;&#x430;&#x445;</subfield>
  </datafield>
  <datafield tag="245" ind1=" " ind2=" ">
    <subfield code="b">&#x41F;&#x43E;&#x441;&#x43E;&#x431;&#x438;&#x435;  &#x434;&#x43B;&#x44F; &#x443;&#x447;&#x438;&#x442;&#x435;&#x43B;&#x435;&#x439;</subfield>
  </datafield>
  <datafield tag="260" ind1=" " ind2=" ">
    <subfield code="a">&#x41C;&#x43E;&#x441;&#x43A;&#x432;&#x430;</subfield>
  </datafield>
  <datafield tag="260" ind1=" " ind2=" ">
    <subfield code="c">1960</subfield>
  </datafield>
  <datafield tag="300" ind1=" " ind2=" ">
    <subfield code="a">363&#x441;&#x442;&#x440;.22&#x441;&#x43C;.</subfield>
  </datafield>
  <datafield tag="653" ind1=" " ind2=" ">
    <subfield code="a">&#x41E;&#x441;&#x43D;&#x43E;&#x432;&#x43D;&#x43E;&#x439; &#x43A;&#x443;&#x440;&#x441; &#x442;&#x440;&#x438;&#x433;&#x43E;&#x43D;&#x43E;&#x43C;&#x435;&#x442;&#x440;&#x438;&#x438;</subfield>
  </datafield>
  <datafield tag="942" ind1=" " ind2=" ">
    <subfield code="c">BK</subfield>
  </datafield>
  <datafield tag="999" ind1=" " ind2=" ">
    <subfield code="c">38837</subfield>
    <subfield code="d">38837</subfield>
  </datafield>
  <datafield tag="952" ind1=" " ind2=" ">
    <subfield code="0">0</subfield>
    <subfield code="1">0</subfield>
    <subfield code="4">0</subfield>
    <subfield code="7">0</subfield>
    <subfield code="9">41214</subfield>
    <subfield code="d">2018-12-17</subfield>
    <subfield code="p">16225</subfield>
    <subfield code="r">2018-12-17</subfield>
    <subfield code="w">2018-12-17</subfield>
    <subfield code="y">BK</subfield>
  </datafield>
</record>
